|
|
|
|
| LEADER |
00000nmm0a2200000 4500 |
| 001 |
134808 |
| 005 |
20231031135843.0 |
| 010 |
|
|
|a 0194386260
|
| 035 |
|
|
|a (RuTPU)RU\TPU\book\146117
|
| 035 |
|
|
|a RU\TPU\book\142330
|
| 035 |
|
|
|a RU\TPU\book\146119
|
| 090 |
|
|
|a 134808
|
| 100 |
|
|
|a 20080218d2005 m y0engy50 ba
|
| 101 |
0 |
|
|a eng
|
| 102 |
|
|
|a US
|
| 105 |
|
|
|a a j 000zy
|
| 200 |
1 |
|
|a First Certificate Masterclass
|e Workbook with key
|f S. Haines, B. Stewart
|
| 210 |
|
|
|a New York
|c Oxford University Press
|d 2005
|
| 215 |
|
|
|a 96 p.
|c il.
|e CD-ROM
|
| 225 |
1 |
|
|a Masterclass
|
| 610 |
1 |
|
|a английский язык
|
| 610 |
1 |
|
|a лексика
|
| 610 |
1 |
|
|a грамматика
|
| 610 |
1 |
|
|a разговорная речь
|
| 610 |
1 |
|
|a упражнения
|
| 610 |
1 |
|
|a CD-ROM
|
| 610 |
1 |
|
|a учебные пособия
|
| 686 |
|
|
|a Ш143.21-923
|v LBC/SL-A
|2 rubbk
|
| 700 |
|
1 |
|a Haines
|b S.
|g Simon
|
| 701 |
|
1 |
|a Stewart
|b B.
|g Barbara
|
| 801 |
|
1 |
|a RU
|b 63413507
|c 20080218
|g PSBO
|
| 801 |
|
2 |
|a RU
|b 63413507
|c 20221207
|g PSBO
|
| 942 |
|
|
|c MX
|
| 959 |
|
|
|a 96/20071224
|d 5
|e 321,50
|f ЯЦ_ЭЛТИ:5
|